|
|
|
|
| LEADER |
00000ntm a22000007u 4500 |
| 001 |
zp40754 |
| 041 |
|
|
|a cze
|
| 100 |
1 |
|
|a Feiferlíková, Regina
|4 dis
|
| 245 |
1 |
0 |
|a Měření image společnosti Continental Barum ve Zlínském kraji
|
| 246 |
|
|
|a Image Measuring of the Company Continental Barum in Zlín's Region
|
| 260 |
|
|
|c 2015
|
| 300 |
|
|
|a 61 s. (83 109 znaků)
|
| 500 |
|
|
|a Studijní obor: Marketingové komunikace
|
| 500 |
|
|
|a Studijní obor: Marketing Communications
|
| 500 |
|
|
|a Ústav: Ústav marketingových komunikací
|
| 500 |
|
|
|a Univerzita Tomáše Bati ve Zlíně. Fakulta multimediálních komunikací
|
| 500 |
|
|
|a Tomas Bata University in Zlín. Faculty of Multimedia Communications
|
| 506 |
|
|
|a Bez omezení
|
| 653 |
|
|
|a Image a analýza image
|
| 653 |
|
|
|a firemní identita
|
| 653 |
|
|
|a marketingový výzkum
|
| 653 |
|
|
|a podpora organizací
|
| 653 |
|
|
|a analýza dotazníkového šetření
|
| 653 |
|
|
|a sémantický diferenciál
|
| 653 |
|
|
|a Continental Barum
|
| 653 |
|
|
|a Zlínský kraj
|
| 653 |
|
|
|a Image
|
| 653 |
|
|
|a analysis of image
|
| 653 |
|
|
|a corporate identity
|
| 653 |
|
|
|a marketing survey
|
| 653 |
|
|
|a support of organizations
|
| 653 |
|
|
|a analysis of questionary
|
| 653 |
|
|
|a semantic differential
|
| 653 |
|
|
|a Continental Barum
|
| 653 |
|
|
|a Zlin's region
|
| 655 |
|
4 |
|a bakalářská práce
|
| 700 |
1 |
|
|a Juříková, Martina
|4 ths
|
| 710 |
2 |
|
|a Univerzita Tomáše Bati ve Zlíně. Fakulta multimediálních komunikací
|4 dgg
|
| 710 |
2 |
|
|a Tomas Bata University in Zlín. Faculty of Multimedia Communications
|4 dgg
|
| 856 |
4 |
0 |
|u http://hdl.handle.net/10563/34531
|y Plný text v Digitální knihovně UTB
|